वाबी साबी : (Record no. 205965)

MARC details
000 -LEADER
fixed length control field 00836nam a22001817a 4500
005 - DATE AND TIME OF LATEST TRANSACTION
control field 20240927111250.0
010 ## - LCCN (DPL NO)
LC control number HIN-128423
020 ## - INTERNATIONAL STANDARD BOOK NUMBER
International Standard Book Number 9789355431967
Terms of availability 399.00
035 ## - SYSTEM CONTROL NUMBER
System control number HN-100769
037 ## - SOURCE OF ACQUISITION
Source of stock number/acquisition DBAD/PUB
082 ## - DEWEY DECIMAL CLASSIFICATION NUMBER
Classification number 158.1
Item number 1
100 ## - MAIN ENTRY--PERSONAL NAME
Personal name सुज़ुकी , नोबुओ
245 ## - TITLE STATEMENT
Title वाबी साबी :
Remainder of title अपूर्ण होने का विवेक /
Statement of responsibility, etc नोबुओ सुज़ुकी
260 ## - PUBLICATION, DISTRIBUTION, ETC. (IMPRINT)
Place of publication, distribution, etc भोपाल
Name of publisher, distributor, etc मंजुल पब्लिशिंग हाउस
Date of publication, distribution, etc 2022
270 ## - ADDRESS
Address द्वितीय तल ,उषा प्रीत कॉम्प्लेक्स , 42 मालवीय नगर
City भोपाल
Postal code 462003
300 ## - PHYSICAL DESCRIPTION
Extent 172 पिष्ट.
Dimensions 19(सजिल्द)
942 ## - ADDED ENTRY ELEMENTS (KOHA)
Item type Hindi Books
Source of classification or shelving scheme Dewey Decimal Classification
Classification part 158.1
Call number suffix सुज़ूकी
Holdings
Withdrawn status Lost status Not for loan Collection code Home library Current library Date acquired Source of acquisition Cost, normal purchase price Full call number Barcode Copy number Cost, replacement price Koha item type
      Non-fiction Shahdara Branch Shahdara Branch 27/09/2024 DBAD 399.00 158.1 सुज़ूकी HN-100769 1 399.00 Hindi Books

© Delhi Public Library
Hit Counter
free hit counter